Harry Potter Book by Closing Line Quiz Stats

 Plays Quiz Updated Mar 17, 2013

Challenge
Share
Tweet
Embed
Score 0/7 Timer 03:00
0 Plays Today
Closing Line Book % Correct
His hand closed around the fake Horcrux, but in spite of the final meeting with Voldemort he knew must come, there was still one last day of peace left with Ron and Hermione.???
90.5%
All was well.???
89.8%
I'm going to have a lot of fun with Dudley this summer.???
79.5%
And together they walked back through the gateway to the Muggle world.???
57.1%
As Hagrid had said, what would come, would come... and he would have to meet it when it did.???
56.5%
And broadly grinning at the look of horror on Uncle Vernon's face, Harry set off toward the station exit... for what looked like a much better summer than the last.???
55%
Instead he smiled, raised a hand in farewell... and led the way out of the station toward the sunlit street, with Uncle Vernon, Aunt Petunia, and Dudley hurrying... in his wake.???
45.3%

You're not logged in!

Compare scores with friends on all Sporcle quizzes.
Join for Free
OR
Log In

You Might Also Like...

Show Comments

Extras

Top Quizzes Today


Score Distribution

Your Account Isn't Verified!

In order to create a playlist on Sporcle, you need to verify the email address you used during registration. Go to your Sporcle Settings to finish the process.

Report this User

Report this user for behavior that violates our Community Guidelines.

Details: